| 000 | 00000nas##2200000za#4500 |
| 001 | 9.505040 |
| 003 | CaOODSP |
| 005 | 20241203113633 |
| 007 | cr ||||||||||| |
| 008 | 150406c1997||||xxc|| p o||||f| |0eng|d |
| 022 | |a1480-381X |
| 040 | |aCaOODSP|beng |
| 043 | |an-cn--- |
| 086 | 1 |aEn1-28/1E-PDF |
| 110 | 1 |aCanada. |bEnvironment Canada. |
| 245 | 10|aScience and the environment bulletin |h[electronic resource] |
| 246 | 1 |iVariant title : |aS&E bulletin |
| 260 | |aOttawa - Ontario : |bEnvironment Canada |
| 310 | |aBimonthly |
| 362 | 1 |aNov./Dec. 1997-Mar./Apr. 2003 |
| 500 | |a"Will provide important and timely information on issues such as climate change, smog, nature and toxics."--Page 1. |
| 520 | 3 |aWill provide important and timely information on issues such as climate change, smog, nature and toxics.--Page 1 |
| 775 | 08|tBulletin science et environnement |w(CaOODSP)9.501439 |
| 776 | 0#|tScience and the environment bulletin |w(CaOODSP)9.508404 |
| 776 | 0#|tScience et environnement, bulletin |w(CaOODSP)9.508405 |